Library of the University of Algiers 3
Ibrahim Sultan Cheibout
شعار جامعة الجزائر 3
مكتبة جامعة الجزائر 3
إبراهيم سلطان شيبوط

التسيير المالي و الإدارة المالية : (رقم التسجيلة. 43249)

تفاصيل مارك
000 -LEADER
fixed length control field 01148nam a2200217Ia 4500
003 - CONTROL NUMBER IDENTIFIER
control field Ost
005 - DATE AND TIME OF LATEST TRANSACTION
control field 20260507075134.0
008 - FIXED-LENGTH DATA ELEMENTS--GENERAL INFORMATION
fixed length control field 260507s9999||||xx |||||||||||||| ||und||
020 ## - INTERNATIONAL STANDARD BOOK NUMBER
International Standard Book Number 5652119957
040 ## - CATALOGING SOURCE
Transcribing agency fsecg
041 ## - LANGUAGE CODE
Language code of text/sound track or separate title ara
082 ## - DEWEY DECIMAL CLASSIFICATION NUMBER
Classification number 330
100 ## - MAIN ENTRY--PERSONAL NAME
Personal name بن ساسي، الياس
Relator term مؤلف
245 #0 - TITLE STATEMENT
Title التسيير المالي و الإدارة المالية :
Remainder of title دروس وتطبيقات /
Statement of responsibility, etc. الياس بن ساسي
260 ## - PUBLICATION, DISTRIBUTION, ETC.
Place of publication, distribution, etc. عمان:
Name of publisher, distributor, etc. دار وائل للنشر والتوزيع,
Date of publication, distribution, etc. 2006
300 ## - PHYSICAL DESCRIPTION
Extent 477 صفحة؛
Other physical details إيضاحات ؛
Dimensions 24 سم
520 ## - SUMMARY, ETC.
Summary, etc. مدخل لتسيير المالي- التسيير المالي والبيئة المالية- التشخيص المالي والإستراتيجي للمؤسسة- التحليل المالي الكلاسيكي- التحليل المالي والوظيفي- تحليل المالي المتحرك- السياسة المالية وآليات اتخاذ القرارات- نظرية الهيكل المالي- سوق الأوراق المالية.
653 ## - INDEX TERM--UNCONTROLLED
Uncontrolled term الإدارة المالية
653 ## - INDEX TERM--UNCONTROLLED
Uncontrolled term التسيير المالي
942 ## - ADDED ENTRY ELEMENTS (KOHA)
Koha item type كتب
المقتنيات
Withdrawn status Lost status Source of classification or shelving scheme Damaged status Not for loan Home library Current library Date acquired Serial enumeration / chronology Inventory number Total checkouts Full call number Barcode Date last seen Price effective from Koha item type
    Dewey Decimal Classification   NOT LOAN / إعارة داخلية مكتبة كلية العلوم الإقتصادية والعلوم التجارية وعلوم التسيير مكتبة كلية العلوم الإقتصادية والعلوم التجارية وعلوم التسيير 07/05/2026 الطابق الأرضي 2168/1   أ/2168ن1 2168/1 07/05/2026 07/05/2026 كتب
    Dewey Decimal Classification   Available مكتبة كلية العلوم الإقتصادية والعلوم التجارية وعلوم التسيير مكتبة كلية العلوم الإقتصادية والعلوم التجارية وعلوم التسيير 07/05/2026 الطابق الأرضي 2168/2   أ/2168ن2 2168/2 07/05/2026 07/05/2026 كتب

موارد الويب المفتوحة


© University of Algiers 3 All Rights Reserved
|
Implemented by LECHELAH Riad